| 000 | 00527nam a22001937a 4500 | ||
|---|---|---|---|
| 005 | 20260312100931.0 | ||
| 008 | 260312b |||||||| |||| 00| 0 eng d | ||
| 037 | _cDSWL | ||
| 040 |
_aDSWL _cDSWL |
||
| 041 | _heng | ||
| 084 | _aY0aW.1 Q5 | ||
| 100 |
_aStrange, Susan _91109155 |
||
| 245 | _aStates and markets | ||
| 260 |
_aLondon UK, _bBloomsbury Academy, _c2015 |
||
| 300 | _a288p | ||
| 365 |
_aINR _b599 |
||
| 942 |
_2CC _cTEXL _hY0aW.1 Q5 _n0 |
||
| 999 |
_c1715165 _d1715165 |
||